000 00402pab a2200145 454500
008 180718b1988 xxu||||| |||| 00| 0 eng d
100 _aHarrigan, Jane
245 _aMalawi
_bThe impact of pricing policy on small holder agriculture 1971 - 88
260 _c1988
300 _a415-33
362 _aDec.
650 _aFarm Produce - Prices - Malawi
773 _aDevelopment Policy Review
909 _a8177
999 _c8177
_d8177